Η ευρωπαϊκή ιθαγένεια στο ''χώρο'' : οι απαιτήσεις και προκλήσεις μιας μεταβαλλόμενης έννομης τάξης

Αποθηκεύτηκε σε:
Λεπτομέρειες βιβλιογραφικής εγγραφής
Κύριος συγγραφέας: Ανάγνου, Μαίρη
Άλλοι συγγραφείς: Χατζόπουλος, Βασίλειος Γ. (Συγγραφέας εισαγωγής κ.λπ.)
Μορφή: Βιβλίο
Γλώσσα:Greek
Δημοσίευση: Αθήνα : Εκδόσεις Παπαζήση, 2018.
Θέματα:
Ετικέτες: Προσθήκη ετικέτας
Δεν υπάρχουν, Καταχωρήστε ετικέτα πρώτοι!

MARC

LEADER 00000cam a2200000 a 4500
001 1/122000
008 200828s2018####gr a|||||| |||| ||gre||
020 |a 9789600234275 
040 |a GR-MyUa  |b gre  |c GR-MyUa  |e AACR2 
041 0 |a gre 
082 7 |a 323.6094  |2 (23) 
100 1 |a Ανάγνου, Μαίρη. 
245 1 2 |a Η ευρωπαϊκή ιθαγένεια στο ''χώρο'' :   |b οι απαιτήσεις και προκλήσεις μιας μεταβαλλόμενης έννομης τάξης /   |c Μαίρη Ανάγνου ; πρόλογος: Βασίλης Χατζόπουλος.  
260 |a Αθήνα :   |b Εκδόσεις Παπαζήση,   |c 2018.  
300 |a 326 σ. ;   |c 24 εκ.  
650 0 |a Citizenship  |z European Union countries. 
650 0 |a Social security  |z European Union countries. 
700 1 |a Χατζόπουλος, Βασίλειος Γ.  |e aui 
852 |a INST  |b LESVOS  |e 20200828  |h 323.6094 ΑΝΑ  |p 005100062225  |q 005100062225  |t BK  |y 0 
920 |a Ανάγνου  |b Μαίρη  |y Λέσβος  |z 2020-04 
970 |a Δημάκη  |b Μαρία  |z 28-08-2020